000 00665nam a22002177a 4500
999 _c16124
_d16124
003 AR-CdUCM
008 190222b ||||| |||| 00| 0 spa d
040 _aMUNICIPALIDAD PROVINCIAL DEL CUSCO
_cBIBLIOTECA MUNICIPAL DEL CUSCO
082 _a869.15 /
_bAZ99
100 _aAzuela, Mariano
_91275
245 _aLos de abajo /
260 _aLima :
_bVisión Peruana,
_bEdiciones populares,
_c1988.
300 _a153 páginas ,
_c18 cm.
500 _aHistorias
650 _aNarrativa mexicana
_91276
650 _aNovela Histórica
_91277
650 _aRevolución, 1910-1920
_91278
650 _aSiglo XX
_98
942 _2ddc
_cLIBROS
945 _apjha
_d2019-05-02